1145 1305 1167 1298 1160 1029 1270 1731 1117 1243 1963 1270 1005 1331 1063 1408 1874 1440 1206 1364 1215 1582 1983 1686 1991 1303 1531 1501 1358 1020 1575 1631 1141 1490 1810 1714 1247 1510 1609 1330 1125 1553 1208 1192 1886 1988 1642 1909 1691 1130 1252 1525 1141 1730 1230 1350 1695 1011 1956 1469 1418 1301 1076 1843 1609 1266 1818 1361 1826 1710 1151 1412 1962 1748 1629 1759 1675 1105 1271 1518 1922 1742 1576 1699 1193 1458 1468 1189 1294 1347 1154 1969 1166 1580 1022 1317 1882 1683 1161 BCNSPRNW ULIB Ver.6.0+V

เปลี่ยนเป็นภาษาไทย

Change to English
 แสดงรายละเอียดบรรณานุกรม
  กลับหน้าหลัก

Brief Record : Get Marc (ISO 2709) : E-mail record : QR code < ปิดหน้าต่าง
LEADER : 00000nas 2200000uu 4500
001    13399128332
003     ULIB
008    230613s2566||||th 000 0 tha d
022 0  01251996
245 00 ^aบ้านและสวน (วิทยาเขตสวรรค์ประชารักษ์)
310    ^aรายเดือน
850 ^a ULIB^bฉบับที่ 561 ปีที่ 47 ฉ.1 ;ฉบับที่ 562 ปีที่ 47 ฉ.1 ;ฉบับที่ 563 ปีที่ 47 ฉ.1 ;ฉบับที่ 564 ปีที่ 47 ฉ.1 ;ฉบับที่ 565 ปีที่ 48 ฉ.1
945    ^p130^l0^i906139
945    ^p130^l0^i906140
945    ^p130^l0^i906159
945    ^p130^l0^i906182
945    ^p130^l0^i906201
999    ^aประนอม เกษจรัล
รายการนี้ยังไม่มีแท็ก
คุณยังไม่ได้ล็อกอิน คุณสามารถมีกิจกรรมร่วมกับเว็บไซต์ได้ แต่ต้องล็อกอินก่อน ::
  ล็อกอิน

รายการสื่อสารสนเทศ (วารสาร)

ดูแบบ: กล่อง รายการ
ARRIVED
ฉบับที่ 561 ปีที่ 47 ฉ.1
สถานที่: ห้องสมุดวิทยาเขตสวรรค์ประชารักษ์ >วารสาร
ARRIVED
ฉบับที่ 562 ปีที่ 47 ฉ.1
สถานที่: ห้องสมุดวิทยาเขตสวรรค์ประชารักษ์ >วารสาร
ARRIVED
ฉบับที่ 563 ปีที่ 47 ฉ.1
สถานที่: ห้องสมุดวิทยาเขตสวรรค์ประชารักษ์ >วารสาร
ARRIVED
ฉบับที่ 564 ปีที่ 47 ฉ.1
สถานที่: ห้องสมุดวิทยาเขตสวรรค์ประชารักษ์ >วารสาร
ARRIVED
ฉบับที่ 565 ปีที่ 48 ฉ.1
สถานที่: ห้องสมุดวิทยาเขตสวรรค์ประชารักษ์ >วารสาร

BibComment


ยังไม่เคยถูกคอมเมนท์

คอมเมนท์ทรัพยากรรายการนี้
  คอมเมนท์: บ้านและสวน วิทยา..


 Copyright 2026. Bcnsprnw @Library